书目信息 |
| 题名: |
轻便摩托车构造与维修
|
|
| 作者: | 叶理平 编著 | |
| 分册: | ||
| 出版信息: | 上海 上海科学技术出版社 1984.1 |
|
| 页数: | 213页 | |
| 开本: | 20cm | |
| 丛书名: | ||
| 单 册: | ||
| 中图分类: | U483 | |
| 科图分类: | ||
| 主题词: | 道路--运输--工具 | |
| 电子资源: | ||
| ISBN: | ||
| 000 | 00578nam0 2200205 45 | |
| 001 | 0312221749 | |
| 005 | 20040513172046.2 | |
| 010 | @dCNY0.57 | |
| 091 | @a15119.2294 | |
| 100 | @a20031222d1984 km y0chiy0120 ea | |
| 101 | @achi | |
| 105 | @a z 000yy | |
| 200 | 1 | @a轻便摩托车构造与维修@AQing Bian Mo Tuo Che Gou Zao Yu Wei Xiu@f叶理平编著@FYe Li Ping Bian Zhu |
| 210 | @a上海@c上海科学技术出版社@d1984.1 | |
| 215 | @a213页@d20cm | |
| 606 | 0 | @a道路@x运输@x工具 |
| 690 | @aU483@v3 | |
| 701 | 0 | @a叶理平@4编著 |
| 801 | @aCN@bTSTCL@c20031222 | |
| 905 | @dU483@e20@f1@b110791 | |
| 轻便摩托车构造与维修/叶理平编著.-上海:上海科学技术出版社,1984.1 |
| 213页;20cm |
| ISBN :CNY0.57 |
| ● |
| 相关链接 |
|
|
|
|
正题名:轻便摩托车构造与维修
索取号:U483/20
 
预约/预借
| 序号 | 登录号 | 条形码 | 馆藏地/架位号 | 状态 | 备注 |
| 1 | 0110791 | 001487929 | 第三借阅区/ [索取号:U483/20] | 在馆 | |
| 2 | 0110793 | 001487858 | 第二样本阅览室/ [索取号:U483/20] | 在馆 |